[Event "RUS-ch Rapid Men 2018"]
[Site "Sochi"]
[Date "2018.10.05"]
[Round "5"]
[White "Paravyan, David"]
[Black "Lobanov, Sergei"]
[Result "1-0"]
[WhiteElo "2629"]
[BlackElo "2539"]
[Annotator "TA"]
[PlyCount "43"]
[EventDate "2018.10.05"]
[EventType "swiss"]
[EventCountry "RUS"]
[SourceTitle "playchess.com"]
[Source "ChessBase"]
[SourceQuality "1"]

{[%evp 22,43,33,29,43,39,35,12,17,9,17,17,46,46,90,93,91,97,268,264,329,334,381,364]} 1. d4 d5 2. c4 c6 3. Nf3 Nf6 4. e3 Bf5 5. Nc3 e6 6. Nh4 Be4 7. f3 Bg6 8. Qb3 Qb6 9. Nxg6 hxg6 10. Bd2 {D12: Slav Defence: 3 Nf3 Nf6 4 e3 Bf5} Nbd7 11. O-O-O Be7 12. Be2 {LiveBook: 4 Games. White is slightly better.} O-O $146 ({Predecessor:} 12... a6 13. Qxb6 Nxb6 14. cxd5 cxd5 15. Kb1 Rc8 16. b3 O-O 17. Kb2 Rc6 {0-1 (49) Cheparinov,I (2673)-Hassan,A (2356) Golden Sands 2012}) 13. Kb1 c5 14. Na4 Qxb3 15. axb3 cxd4 16. exd4 b6 17. Rc1 Rfc8 {[#]} 18. c5 $1 {[%mdl 512]} bxc5 {[#]} 19. Ba6 $1 Rcb8 $2 (19... Rc7 $16 {was worth a try.}) 20. dxc5 $18 {[%cal Bd4c5,Bc5c6][%mdl 32]} Rxb3 21. c6 Nb6 22. Ka2 {Precision: White = 81%, Black = 29%.} 1-0

[Event "RUS-ch Rapid Men 2018"]
[Site "Sochi"]
[Date "2018.10.05"]
[Round "5"]
[White "Ponkratov, Pavel"]
[Black "Triapishko, Alexandr"]
[Result "0-1"]
[WhiteElo "2628"]
[BlackElo "2508"]
[Annotator "TA"]
[PlyCount "68"]
[EventDate "2018.10.05"]
[EventType "swiss"]
[EventCountry "RUS"]
[SourceTitle "playchess.com"]
[Source "ChessBase"]
[SourceQuality "1"]

{[%evp 15,68,9,9,0,10,1,0,2,1,-6,-7,-35,-22,-39,-30,-31,-35,-56,-26,-21,-7,-17,-9,-57,-52,-38,-36,-36,-26,-23,-25,-29,-25,-35,-33,-33,-33,-81,-92,-77,-68,-78,-71,-121,-122,-107,-84,-138,-91,-96,-83,-133,-106,-489,-486]} 1. d4 Nf6 2. c4 g6 3. Nc3 d5 4. cxd5 Nxd5 5. e4 Nxc3 6. bxc3 Bg7 7. Qa4+ Qd7 8. Qxd7+ Nxd7 {LiveBook: 18 Partien} 9. Rb1 {D85: Grünfeldindisch (Abtauschvariante, 7.Sf3 bzw nicht 7.Lc4)} O-O $146 ({Vorgänger:} 9... c5 10. Be3 O-O 11. Bb5 a6 12. Bxd7 Bxd7 13. Rxb7 Bc6 14. Rxe7 Rfc8 15. Nf3 Bf6 16. Re5 cxd4 17. Bxd4 Bxe5 18. Nxe5 Bxe4 {0-1 (74) Shengelia,D (2543)-Volokitin,A (2678) Austria 2013}) 10. Nf3 c5 11. Bg5 {Die Stellung ist ausgeglichen.} h6 12. Be3 Nb6 13. Bb5 a6 $1 {[%cal Ra6b5]} 14. Bd3 Na4 $1 15. Kd2 b5 16. Rhc1 Rd8 17. Bc2 Nb6 18. Bb3 e6 {Und weiter mit ...Lb7 wäre nett.} 19. Ke1 Bb7 $1 {[%cal Rb7e4]} 20. Nd2 Rac8 $36 {[%cal Rc5d4][%mdl 2048] Schwarz hat gut koordiniertes Spiel.} 21. f3 g5 {[%cal Rc5d4]} 22. dxc5 Nd7 23. c4 Nxc5 {zielt auf ...Sd3+ ab.} 24. Bc2 Nd3+ 25. Bxd3 $1 Rxd3 26. Ke2 {[#]} Ra3 $1 27. Rc2 Bc6 28. Kf2 Be8 29. Rb3 Ra4 {[%cal Rb5c4]} 30. c5 f5 {[%cal Bf7f5,Bf5f4][%mdl 32] Und ...f4 würde nun gewinnen.} 31. Ke2 (31. Ke1 $142) 31... Bc6 32. Rd3 Be5 33. g3 Kf7 34. Kf2 $2 {[%mdl 8192] [#]} (34. exf5 $17 {ist zäher.} exf5 35. Nb3) 34... f4 $1 {Precision: Weiß = 48%, Schwarz = 72%.} 0-1

[Event "RUS-ch Rapid Men 2018"]
[Site "Sochi"]
[Date "2018.10.05"]
[Round "5"]
[White "Grachev, Boris"]
[Black "Inozemtsev, Sergei"]
[Result "1/2-1/2"]
[WhiteElo "2626"]
[BlackElo "2310"]
[Annotator "TA"]
[PlyCount "263"]
[EventDate "2018.10.05"]
[EventType "swiss"]
[EventCountry "RUS"]
[SourceTitle "playchess.com"]
[Source "ChessBase"]
[SourceQuality "1"]

{[%evp 17,263,0,41,32,33,30,27,26,44,39,63,6,22,17,13,19,9,7,7,19,10,0,0,0,1,11,3,0,0,-9,-8,-8,47,47,65,47,63,45,89,45,93,25,22,25,31,33,60,29,97,101,97,67,52,53,57,57,57,35,57,29,59,0,63,31,53,30,33,0,0,-55,-58,-89,0,-27,0,0,0,-49,-44,-43,-56,-53,0,0,0,0,0,-172,-189,-252,-275,-456,-28,-32,0,-29998,-91,-51,-8,-654,-385,-628,-610,-570,-530,-725,-752,-735,-415,-387,-3,0,-1,-1,0,0,0,0,0,0,0,0,0,0,0,0,0,0,0,0,0,0,0,0,0,0,0,0,0,0,0,0,0,0,0,0,0,0,0,0,0,0,0,0,0,0,0,0,0,0,0,0,0,0,0,0,0,0,0,0,0,0,0,0,0,0,0,0,0,0,0,0,0,0,0,0,0,0,0,0,0,0,0,0,0,0,0,0,0,0,0,0,0,0,0,0,0,0,0,0,0,0,0,0,0,0,0,0,0,0,0,0,0,0,0,0,0,0,0,0,0,0,22,22,22,20,22,22,22,20,18,0,7,0,0,0,7,-8]} 1. d4 e6 2. Nf3 Nf6 3. Bf4 b6 4. e3 Bb7 5. Nbd2 Be7 6. h3 d6 7. Bd3 {A47: 1 d4 Nf6 2 Nf3 b6: Torre, London and Colle Systems} Nbd7 8. Bh2 O-O 9. O-O Re8 {LiveBook: 5 Games} (9... c5 10. c3 Re8 11. Qe2 Bf8 12. Ba6 Qc8 13. Bxb7 Qxb7 14. a4 a6 15. e4 b5 16. axb5 axb5 {½-½ (54) Bindrich,F (2590)-Vitiugov,N (2726) Doha 2016}) 10. e4 Nf8 11. Qe2 Ng6 12. Rad1 $146 ({Predecessor:} 12. c3 c5 13. Rfd1 cxd4 14. cxd4 Rc8 15. e5 Nd5 16. Bb5 Rf8 {0-1 (35) Nguyen,T (2227)-Pham,T (1679) Ho Chi Minh City 2015}) 12... Bf8 13. c3 a6 14. Nc4 ({White should play} 14. Bc2 $14) 14... Nxe4 $11 15. Bxe4 Bxe4 16. Qxe4 d5 17. Qe2 dxc4 18. Qxc4 Bd6 19. Ne5 Bxe5 20. Bxe5 Re7 21. Bg3 Qd5 22. Qa4 b5 23. Qa5 c6 24. Rfe1 f5 (24... Rd7 $11) 25. f3 $14 h6 26. b3 Kh7 27. Qa3 Rf7 28. Qc5 (28. Qc1 {looks sharper.} Re8 29. Re2 a5 30. Kh2 Qd8 31. Rde1) 28... Rf6 29. c4 ({White should try} 29. Be5 $16 Rff8 30. Qb6) 29... Qxc5 $11 30. dxc5 f4 31. Bf2 e5 32. Rd7 Rb8 (32... bxc4 $11 {remains equal.} 33. bxc4 Re6) 33. cxb5 $16 axb5 34. Red1 Ra8 35. R1d2 Kg8 36. Rc7 Nf8 37. Kf1 Ra6 38. Rb7 Ra8 39. Rc7 Ra6 $1 40. Rc8 Kh7 41. Rb8 Rf7 42. Rdd8 Ng6 43. Rb6 (43. Ra8 $11 Rfa7 44. Rxa7 Rxa7 45. Rd6) 43... Rxa2 $15 {And now ...e4! would win.} 44. Rxc6 {[#]} Rb2 (44... e4 $1 $17 {[%cal Re4e3][%mdl 512] aiming for ...e3.} 45. Rcd6 (45. fxe4 f3) 45... e3) 45. Rdd6 Nf8 (45... Ra7 $5 {[%cal Ra7a1]} 46. Ra6 (46. Rxg6 Ra1+ 47. Be1 Rbb1 $17) 46... Rxa6 47. Rxa6 Rxb3 $11) 46. Ra6 Rxb3 47. Be1 e4 48. fxe4 f3 49. gxf3 Rbxf3+ (49... Rfxf3+ $15 50. Kg1 Rb1) 50. Ke2 $11 Rxh3 51. c6 Re7 $1 {[%cal Re7e4]} 52. Rd4 $2 (52. Kd1 $11 {and White is okay.}) 52... Ne6 $19 53. Rb4 (53. Rd7 {was forced.} Nf4+ 54. Kd1 Rxd7+ 55. cxd7 Rd3+ 56. Kc2 Rxd7 57. Bg3) 53... Nc5 54. Rb6 $2 (54. Ra1 {might work better.}) 54... Rh2+ $2 ({Better is} 54... Nxe4 $19 55. Bf2 Rh2) 55. Ke3 $1 $11 Rh3+ 56. Kd4 $2 {[%mdl 8192]} (56. Ke2 $11) 56... Nxe4 $2 (56... Rd3+ {mates} 57. Kxc5 Re5#) 57. Rb7 $17 Re8 {White must now prevent ...Rh1.} 58. Rd7 $2 {[%mdl 8192]} (58. Rb1 $11) 58... Ng5 59. Rb1 $2 (59. Bf2 Re2 60. c7 Ne6+ 61. Kd5 Nxc7+ 62. Rxc7 Rh5+ 63. Kd4 Rxf2 64. Ke3) 59... Nf3+ 60. Kc5 Nxe1 61. Kb6 {If only White now had time for Rc1....} Rc3 62. c7 Nd3 63. Rg1 Rg8 $2 (63... Re6+ $19 64. Ka5 Rg6 65. Rxg6 Kxg6) 64. Rg3 $11 {[#]The position is equal.} Rxc7 $1 65. Rxc7 {[%mdl 4096] Endgame KRR-KRN} (65. Kxc7 Nf4) 65... Nf4 66. Kxb5 Nh5 67. Rf3 Rb8+ 68. Kc4 Rb6 69. Rff7 Rg6 70. Kd4 Rg5 71. Ra7 Kg8 72. Rfb7 Nf6 73. Ke3 Kh7 74. Kf3 Rf5+ 75. Ke3 Re5+ 76. Kf4 (76. Kd4 {with more complications.} Rg5 77. Ke3 h5 78. Rb8 Rg4 79. Kf2) 76... Rg5 77. Rf7 {Hoping for Rxf6.} Kg8 78. Rfb7 Kh7 79. Ra6 {Strongly threatening Rxf6.} Rg6 80. Kf3 Kg8 81. Rb5 Rg1 82. Kf2 Rg6 83. Kf3 Rg1 84. Rb7 Rg5 85. Ra8+ Kh7 86. Rf8 {Rxf6 is the strong threat.} Rf5+ 87. Kg2 Rg5+ 88. Kf3 Rf5+ 89. Ke2 Re5+ 90. Kd3 {Threatens to win with Rxf6.} Nh5 91. Kd4 Ra5 92. Rc8 Rg5 93. Rc6 (93. Rc1 {keeps more tension.} Nf6 94. Rc6 Rg6 95. Rc8 Rg4+ 96. Ke3) 93... Ra5 94. Rc5 (94. Ke4 {is more complex.} Rg5 95. Rd6 Rg6 96. Rd8 Nf6+ 97. Kf3) 94... Rxc5 95. Kxc5 {KR-KN} Kg6 96. Kd4 Kf5 97. Rb5+ Kg4 98. Ke3 Nf6 99. Rb4+ Kh5 100. Kd4 Kg5 101. Ke5 h5 102. Rb1 $1 Ng4+ 103. Ke4 g6 104. Rb5+ Kh6 105. Kf4 Nf6 106. Ra5 Ng4 107. Ra6 Nf2 108. Kf3 Ng4 109. Kg3 Kg5 110. Ra5+ Kh6 111. Kf4 Nf2 112. Ra1 Ng4 113. Rg1 Nh2 114. Rg3 Ng4 115. Rg2 g5+ 116. Ke4 Kg6 117. Rg1 Nf2+ 118. Kf3 Nh3 (118... Nd3 {is interesting.} 119. Ra1 Nc5 120. Ra5 Ne6 121. Ke4 Kf6) 119. Ra1 Nf4 120. Ra6+ $1 Kf5 121. Ra5+ Kf6 122. Ke4 $1 Ne6 123. Rf5+ Kg6 124. Ke5 Nf4 125. Rf6+ Kg7 126. Kf5 Nh3 127. Rg6+ Kh7 128. Ra6 g4 129. Rg6 Ng1 130. Kg5 Nh3+ 131. Kf5 Ng1 132. Rxg4 {Precision: White = 50%, Black = 63%.} 1/2-1/2

[Event "RUS-ch Rapid Men 2018"]
[Site "Sochi"]
[Date "2018.10.05"]
[Round "5"]
[White "Oparin, Grigoriy"]
[Black "Esipenko, Andrey"]
[Result "1/2-1/2"]
[WhiteElo "2624"]
[BlackElo "2609"]
[Annotator "TA"]
[PlyCount "65"]
[EventDate "2018.10.05"]
[EventType "swiss"]
[EventCountry "RUS"]
[SourceTitle "playchess.com"]
[Source "ChessBase"]
[SourceQuality "1"]

{[%evp 20,65,22,23,44,46,44,55,58,60,51,55,45,40,40,36,44,44,44,40,45,47,65,68,100,84,89,90,94,110,101,99,110,105,129,0,93,23,18,12,27,18,19,10,29,11,25,2]} 1. Nf3 Nf6 2. c4 g6 3. g3 Bg7 4. Bg2 c6 5. b3 Ne4 6. d4 d5 7. O-O O-O 8. Bb2 Bf5 9. e3 {D78: Fianchetto Grünfeld: 6 0-0 c6} Nd7 10. Qe2 (10. Nfd2 Ndf6 11. Nxe4 Bxe4 12. Bh3 Qb6 13. f3 Bxb1 14. Rxb1 e6 15. Qd3 Rfe8 16. c5 Qc7 {0-1 (35) Ding,L (2774)-Carlsen,M (2837) Saint Louis 2017}) 10... a5 {[%cal Ba7a5,Ba5a4][%mdl 32]} 11. Nc3 {LiveBook: 27 Games. The position is equal.} e6 $146 ({Predecessor:} 11... Nxc3 12. Bxc3 Be4 13. Rfc1 e6 14. Bf1 Bxf3 15. Qxf3 Re8 16. Rab1 Bf8 17. Rd1 Qc7 18. e4 dxe4 19. Qxe4 Bg7 20. Bg2 Nb6 {½-½ (20) Riazantsev,A (2671)-Li,C (2720) Sharjah 2017}) 12. Nh4 Nxc3 13. Bxc3 a4 14. Nxf5 gxf5 15. cxd5 cxd5 16. Rfb1 Qc7 17. Bb4 {[#] Hoping for Rc1.} Rfc8 18. bxa4 Rxa4 19. Qb5 Ra6 20. Bf1 {[%cal Bg2f1,Bf1b5,Bb5a4][%mdl 32]} Rc6 21. a4 b6 22. a5 bxa5 23. Bxa5 Qd6 24. Qb7 {And now Bb5 would win.} Nf6 25. Bb5 Rc2 26. Ba4 R2c4 27. Bb5 Rc2 28. Bb4 ({Better is} 28. Bd3 $16 R2c6 29. Qa7) 28... Qc7 $11 29. Qxc7 R2xc7 30. Bd6 Rc2 31. Ba6 Rd8 32. Be7 Re8 33. Bxf6 {Precision: White = 61%, Black = 65%.} 1/2-1/2

[Event "RUS-ch Rapid Men 2018"]
[Site "Sochi"]
[Date "2018.10.05"]
[Round "5"]
[White "Antipov, Mikhail Al."]
[Black "Dubov, Daniil"]
[Result "1-0"]
[WhiteElo "2593"]
[BlackElo "2703"]
[Annotator "TA"]
[PlyCount "113"]
[EventDate "2018.10.05"]
[EventType "swiss"]
[EventCountry "RUS"]
[SourceTitle "playchess.com"]
[Source "ChessBase"]
[SourceQuality "1"]

{[%evp 9,113,27,35,32,32,25,50,43,52,51,50,45,57,39,45,41,51,14,46,35,39,39,72,68,62,57,61,57,116,118,140,137,179,180,289,306,300,300,302,302,288,288,358,343,458,418,427,446,486,492,497,497,497,497,495,494,481,476,499,514,514,514,514,513,503,456,514,514,514,503,506,445,454,436,618,596,771,771,753,754,809,809,809,809,795,795,794,795,771,745,936,809,7467,6107,29984,29985,29985,29986,29986,29987,29987,29985,29986,29986,29986,29987]} 1. e4 c5 2. Nf3 e6 3. b3 d6 4. Bb2 Bd7 (4... Nf6 5. Qe2 Nc6 6. g3 Be7 7. Bg2 O-O 8. O-O e5 9. c4 a6 10. Nc3 Rb8 11. Nd5 b5 12. d3 Re8 13. h3 Bf8 14. Qd2 a5 15. Kh2 g6 16. Ne1 Nxd5 17. cxd5 {½-½ (26) Salgado Lopez,I (2644)-Ding,L (2777) Riadh 2017}) 5. d4 cxd4 6. Nxd4 {B50: Sicilian: 2...d6, Miscellaneous} Nf6 7. Bd3 Na6 8. c4 $146 {White is slightly better.} ({Predecessor:} 8. O-O Nc5 9. Re1 e5 10. Nf3 b5 11. b4 Na4 {0-1 (41) Le Roux,J (2549)-Dubov,D (2648) Novi Sad 2016}) 8... Be7 9. Nc3 O-O 10. O-O Nb4 11. Be2 a6 12. Qd2 Nc6 13. Rac1 Rc8 14. Rfd1 Nxd4 15. Qxd4 Qc7 16. Ba3 {[%cal Ra3d6]} Bc6 17. Nd5 Bxd5 $1 18. cxd5 Qa5 {[#]} (18... Qd7 $1 $14) 19. Bb4 $1 $36 {[%cal Rb4a5][%mdl 2048] White is in control.} Qxa2 20. Bc4 e5 21. Qe3 b5 (21... Qb2 {might work better.}) 22. Rd2 $18 Qxd2 23. Bxd2 bxc4 24. Rxc4 ({Don't take} 24. bxc4 $6 Rc7 $18) 24... Rxc4 25. bxc4 Rc8 26. Qa7 Bf8 27. Qxa6 Rb8 {( -> ...Rb1+)} 28. f3 Nd7 29. Qa7 Rb1+ 30. Kf2 Nc5 31. Be3 Nd3+ 32. Ke2 Nb4 33. Bd2 Nc2 34. Bc3 Rb3 35. Kd2 Na3 36. Qa4 Nb1+ 37. Kc2 Ra3 38. Qb4 Rxc3+ 39. Kxb1 {[%mdl 4096] Endgame KQ-KRB} Re3 40. Qb2 Re1+ 41. Ka2 g6 (41... Rg1 $142 42. Qd2 h6) 42. Qd2 Rf1 {[#]} 43. c5 $1 dxc5 44. d6 Bxd6 45. Qxd6 {KQ-KR} Rf2+ 46. Kb3 Rxg2 47. Qb8+ Kg7 48. Qxe5+ Kg8 49. h4 h5 50. f4 Rf2 51. f5 Rf3+ 52. Kc4 {White mates.} gxf5 53. exf5 Rh3 54. Qf4 f6 55. Kxc5 Kg7 56. Qc7+ Kh6 57. Qd8 {Precision: White = 91%, Black = 43%.} 1-0

[Event "RUS-ch Rapid Men 2018"]
[Site "Sochi"]
[Date "2018.10.05"]
[Round "5"]
[White "Maletin, Pavel"]
[Black "Apryshko, Gleb"]
[Result "0-1"]
[WhiteElo "2586"]
[BlackElo "2399"]
[Annotator "TA"]
[PlyCount "132"]
[EventDate "2018.10.05"]
[EventType "swiss"]
[EventCountry "RUS"]
[SourceTitle "playchess.com"]
[Source "ChessBase"]
[SourceQuality "1"]

{[%evp 18,132,20,29,24,20,64,52,70,55,70,64,86,87,81,88,57,55,66,-138,-74,-159,-147,-150,-25,-27,-37,-43,-43,-43,-12,-115,17,-186,-200,-335,-106,-118,-113,-339,-340,-484,54,-200,-207,-207,-207,-207,-207,-207,-207,-207,-207,-207,-207,-206,-206,-205,-206,-308,-302,-302,-302,-302,-302,-263,-205,-384,-384,-384,-365,-309,-301,-406,-392,-392,-331,-293,-288,-6831,-1808,-6831,-6824,-6824,-6824,-6794,-6766,-6740,-6740,-6715,-6700,-6693,-6686,-6686,-6686,-6679,-6671,-6671,-6671,-6660,-6653,-6646,-6646,-6646,-6646,-6639,-6638,-6623,-6598,-6598,-6591,-6591,-6529,-6522,-6385,-5966,-5937]} 1. c4 e5 2. g3 Nc6 3. Nc3 a6 (3... Bb4 4. Bg2 Nge7 5. Nd5 Bc5 6. Nf3 O-O 7. O-O d6 8. e3 a6 9. b3 Bg4 10. h3 Bh5 11. g4 Bg6 12. d4 exd4 13. exd4 {½-½ (28) Svidler,P (2760)-Nepomniachtchi,I (2751) Moscow 2018}) 4. Bg2 Bc5 5. Nf3 d6 6. O-O {A25: English Opening vs King's Indian with ...Nc6 but without early d3} Nge7 7. e3 O-O 8. d4 Ba7 9. b3 exd4 10. Nxd4 {LiveBook: 3 Games} Nxd4 11. exd4 Nf5 12. Ne2 Qf6 $146 {[%cal Rf5d4]} 13. Bb2 $1 Rb8 14. Qd2 b5 15. cxb5 axb5 16. Rac1 Bb6 17. Rfd1 Ne7 18. d5 $2 (18. Nf4 $14) 18... Qxf2+ $17 19. Kh1 Nf5 20. Nd4 Qe3 (20... Qxd2 $1 $17 21. Rxd2 Ra8) 21. Nxf5 $1 $11 Bxf5 22. Qxe3 Bxe3 23. Rxc7 b4 24. a4 (24. Bd4 $11 Bxd4 25. Rxd4) 24... Bc5 (24... Rfc8 $17 25. Rc6 Bc2) 25. Rf1 $2 (25. Bd4 $11) 25... Bd3 $1 $19 {[%cal Rd3f1]} 26. Rf3 (26. Rf4 {keeps fighting.} Bc2 27. Bd4 (27. Rg4 $2 g6 $19)) 26... Be2 $2 (26... Rbe8 $19 {and Black stays clearly on top. Threatens to win with ...Re1+.} 27. Rxc5 Re1+ 28. Bf1 Be4) 27. Rf4 $17 Bd1 $1 28. Bh3 $2 (28. Bd4 $17) 28... Bxb3 $19 29. Be6 (29. Bg2 $142) 29... Rbe8 $2 ({Black should play} 29... fxe6 $19 30. Rxg7+ Kh8 31. Rc7+ e5 32. Rxc5 Rxf4 33. gxf4 Rg8) 30. Rfxf7 $2 {[%mdl 8192]} (30. h4 $1 $14 {stays ahead.} Rxe6 31. dxe6 Bxe6 32. Bd4) 30... Rxf7 31. Bxf7+ Kf8 $1 32. Bxg7+ Kxg7 33. Bxe8+ {[%mdl 4096] Endgame [#] KRB-KB} Kf8 $1 {[%cal Rb3d5]} 34. Bc6 {aiming for Kg2.} Bc2 {[%cal Rc2e4][%mdl 1024] Black has strong compensation.} 35. Rc8+ Kg7 {[%cal Rc2e4]} 36. Kg2 {[#] Black must now prevent Rb8.} b3 $1 37. Rb8 {And now a5 would win.} Bd4 38. a5 (38. Kf3 $142) 38... Be4+ ({Don't do} 38... b2 39. Kf3 $19) 39. Kh3 b2 40. Kg4 b1=Q 41. Rxb1 Bxb1 42. a6 $2 (42. Bb5) 42... Bd3 43. Bb7 Kf6 44. Kf4 h5 45. g4 hxg4 46. Kxg4 Ke5 47. h4 Bf5+ 48. Kg5 $2 (48. Kf3) 48... Be3+ {Black is clearly winning.} 49. Kh5 Kf6 50. Bc6 Bd3 {[%cal Rd3e2]} 51. Kg4 Be2+ 52. Kg3 Bxa6 53. Kf3 Bc1 54. Ke4 Bc8 55. Be8 Bf5+ 56. Kd4 Bb2+ 57. Kc4 Ke7 58. Ba4 Bg4 59. Bc6 Bf6 60. Kd3 Bxh4 61. Ke4 Kf6 62. Bb7 Bg3 63. Bc6 Be5 64. Bb7 Bf5+ 65. Ke3 Bb2 66. Bc6 Ke5 {Precision: White = 32%, Black = 59%.} 0-1

[Event "RUS-ch Rapid Men 2018"]
[Site "Sochi"]
[Date "2018.10.05"]
[Round "5"]
[White "Sakaev, Konstantin"]
[Black "Krylov, Mikhail"]
[Result "1-0"]
[WhiteElo "2584"]
[BlackElo "2476"]
[Annotator "TA"]
[PlyCount "203"]
[EventDate "2018.10.05"]
[EventType "swiss"]
[EventCountry "RUS"]
[SourceTitle "playchess.com"]
[Source "ChessBase"]
[SourceQuality "1"]

{[%evp 21,203,71,58,61,71,63,81,58,77,58,68,61,85,85,127,92,82,82,88,77,87,56,56,56,56,56,56,56,57,57,50,50,50,46,44,32,53,31,52,50,50,50,51,50,58,50,58,50,107,50,116,50,80,62,68,57,57,57,58,58,58,51,68,69,87,59,108,108,100,98,144,144,144,144,175,168,175,149,161,150,341,356,295,342,317,311,291,206,524,518,453,403,206,0,522,515,511,475,378,346,493,410,319,322,307,201,172,20,349,35,322,287,283,281,291,253,483,485,487,72,181,181,181,181,181,181,181,181,170,174,260,262,225,138,224,54,72,58,62,0,89,92,97,84,91,58,58,0,98,0,58,58,212,65,119,117,218,0,0,0,214,216,177,0,0,0,0,0,0,0,29980,29981,29980,29973,29971,29971,29975,29976,29984,29985,29986,29987,29987,29988]} 1. d4 Nf6 2. c4 g6 3. Nc3 Bg7 4. e4 d6 5. Be2 O-O 6. Be3 e5 7. d5 a5 8. g4 Na6 {E73: Königsindisch (Awerbach-Angriff)} 9. h4 Nc5 10. f3 h5 11. g5 Nfd7 {[%cal Bf6d7,Bd7b6,Bb6a4][%mdl 32] LiveBook: 6 Partien} (11... Nh7 12. Kd2 Bd7 13. Nh3 c6 14. Nf2 cxd5 15. exd5 f5 16. gxf6 Nxf6 17. Bxc5 dxc5 {0-1 (37) Vallejo Pons,F (2705)-Radjabov,T (2741) Palma de Mallorca 2017}) 12. Qd2 Nb6 13. Nh3 Bd7 14. O-O-O Qe8 $146 ({Vorgänger:} 14... Nba4 15. Nb1 Qb8 16. b3 {1-0 (58) Illingworth,M (2506)-Gu,X (2347) Abu Dhabi 2017}) 15. Kb1 Nba4 16. Nb5 Qc8 17. Nf2 Nb6 18. Rc1 Rd8 19. Bf1 Bf8 20. Na3 (20. Nd1 {with more complications.} a4 21. Na3 c6 22. Nc3 Qc7 23. Bg2) 20... c6 21. Bh3 (21. Nd1 {is more complex.} Re8 22. b3 Qd8 23. Nc2 Qc8 24. Nc3) 21... Bxh3 22. Nxh3 Nbd7 23. Nf2 Qb8 24. Qe2 Qa7 25. Nd1 Qa6 26. Nc3 a4 27. Rhd1 Qa5 28. Rd2 Na6 29. Kc2 Ndc5 30. Kd1 Nb4 31. Ke1 Rab8 32. Kf1 Rd7 33. Rcd1 Ra8 34. Qf2 Rc7 (34... Nba6 $14) 35. Kg2 (35. Bxc5 $1 $16 {Und weiter mit Lb6 wäre nett.} dxc5 36. f4) 35... Kh7 (35... Nba6 $14) 36. Qe2 (36. Bxc5 $16 {Droht stark Lb6.} dxc5 37. Nab1) 36... Rcc8 37. Rf1 Re8 38. Rc1 Kg8 39. Nc2 Nxc2 40. Rdxc2 Qb4 41. Nd1 cxd5 42. cxd5 Qa5 43. Nf2 (43. Nc3 {is interesting.} Reb8 44. Nb5 Rc8 45. Kh2 Qa6 46. Kg3) 43... Qa6 44. Qxa6 Rxa6 45. Rc3 b5 46. Nd3 (46. Bxc5 $6 dxc5 47. Rxc5 Bxc5 $14) 46... Nxd3 47. Rxd3 b4 48. Rc4 Rb8 49. Rd1 Be7 50. Rdc1 Kf8 $2 (50... Raa8 $16 51. Rc7 Kf8) 51. Rc8+ $1 $18 Rxc8 52. Rxc8+ {[%mdl 4096] Endspiel KTL-KTL} Kg7 53. Re8 Bf8 54. Kf2 b3 $2 (54... Ra5 {ist eine bessere Chance.} 55. Rb8 b3 56. axb3 axb3 57. Rxb3 Be7) 55. a3 Ra5 56. Rb8 Be7 57. Re8 $2 (57. f4) 57... Bf8 58. Ke2 Rb5 59. Kd3 Rb7 60. Bd2 Ra7 (60... Be7 $142 61. Ra8 f6) 61. Bc3 Be7 {und die Idee ...f6 ließe Schwarz weiter hoffen.} 62. f4 f6 63. fxe5 dxe5 64. Bd2 $2 (64. Rc8 $18) 64... Rc7 $2 {[%mdl 8192] [#]} (64... fxg5 $1 $11 65. hxg5 (65. Bxg5 Bxg5 66. hxg5 h4 $11) 65... h4) 65. Ra8 $2 (65. Rxe7+ $1 $18 {[%mdl 512]} Rxe7 66. gxf6+ Kxf6 67. Bg5+ Kf7 68. Bxe7 Kxe7 69. Kc4) 65... Rc2 $2 {[%mdl 8192]} (65... fxg5 $14 66. hxg5 (66. Bxg5 Bxg5 67. hxg5 h4 $15) 66... h4) 66. Ra7 (66. Rxa4 fxg5 67. Ra7 (67. Bxg5 Bxg5 68. hxg5 Rxb2 $14) (67. hxg5 Rxb2 68. Bc3 Ra2 $16) 67... Kf8 $16) 66... Kf8 67. gxf6 (67. Rxa4 fxg5 68. Ra8+ (68. Bxg5 Bxg5 69. Ra8+ Ke7 $11) (68. hxg5 Rxb2 69. Ra8+ Kf7 $11) 68... Kf7 $16) 67... Bxf6 68. Bb4+ (68. Rxa4 Rxb2 69. Ra8+ Ke7 $16) 68... Ke8 $2 (68... Kg8 {war nötig.} 69. Bc3 (69. Rxa4 Rxb2 70. Ra8+ Kf7 $16) 69... Rg2 70. Rxa4 g5) 69. d6 {Droht Matt per d7+.} Bd8 70. d7+ $2 (70. Rh7 {[%csl Gh7][%cal Rd6d7]} Bb6 71. Re7+ Kf8 72. d7) 70... Kf7 71. Ra8 $1 {[%cal Ra8d8]} (71. Rxa4 Rc7 $11) 71... Bxh4 72. Bc3 Rc1 {Mit der Idee ...Td1+.} 73. d8=Q Rd1+ 74. Bd2 {Weiss droht Ta7+ und Matt.} Bxd8 75. Rxd8 {KTL-KT} Rb1 (75... h4 $142 76. Ra8 g5) 76. Kc3 Rg1 77. Rd7+ Kf6 (77... Ke6 $16 78. Rh7 Rg4) 78. Rh7 $2 ({Lieber} 78. Kb4 $18) 78... Rg4 79. Kd3 h4 $1 80. Ke3 (80. Be1 $14 g5 81. Bc3) 80... g5 (80... Rg3+ $11 81. Ke2 h3) 81. Bc3 $1 $16 Rg3+ 82. Kf2 Rg4 83. Kf3 Rg3+ 84. Kf2 {Und Ta7 würde nun gewinnen.} (84. Ke2 $5 {[%cal Rh7h6]}) 84... Rg4 $1 85. Ke3 {zielt auf Th6+ ab.} Rg3+ 86. Ke2 Rg4 $2 (86... h3 $14 87. Rh6+ Ke7 88. Bxe5 Rg2+ 89. Kf3 g4+ 90. Ke3 Kd7 91. Rh7+ Ke6) 87. Kd3 (87. Rh6+ $1 $18 Kg7 88. Rb6) 87... Rg3+ (87... Rg1 $14 88. Rh6+ Kg7) 88. Kc4 Re3 (88... Kg6 $16 89. Rh8 Re3) 89. Kd5 Rd3+ 90. Kc4 Re3 91. Rh6+ Kg7 {[#]} 92. Ra6 $2 ({Besser ist} 92. Rc6 $1 $18) 92... Rxc3+ $1 $11 93. Kxc3 {KT-KB} h3 (93... g4 $5 94. Ra7+ $8 (94. Rxa4 $2 h3 $19) 94... Kg6 $11) 94. Ra7+ $1 ({Vergiftet wäre} 94. Rxa4 $2 g4 $19) 94... Kg6 {Weiss muss nun ...g4 beachten.} 95. Ra8 g4 $2 {[%mdl 8192]} (95... Kg7 $11 96. Ra7+ (96. Rxa4 $2 g4 $19) 96... Kg6) 96. Rg8+ {Weiß setzt Matt.} Kh5 97. Rh8+ Kg5 {[#]} 98. Kc4 $1 {[%cal Rc4d5]} Kf4 99. Kd5 Kg3 100. Kxe5 Kh2 101. Kf4 g3 102. Kg4 {Precision: Weiß = 48%, Schwarz = 41%.} 1-0